On This Day: November 27th Quiz Stats

Quiz Updated Nov 27, 2017

Challenge
Share
Tweet
Score 0/7 Timer 03:00
0 Plays Today
Question Answer Wrong Answers
In New York City, the first ______ Thanksgiving Day Parade is held.
1924
Macy’s
95.8%
Nordstrom
0.5%
Neiman Marcus
0.6%
Sears
1.9%
At the Swedish–Norwegian Club in Paris, this man signs his last will and testament, setting aside his estate to establish the Nobel Prize after he dies.
1895
Alfred Nobel
93.6%
Robert Nobel
3.1%
Immanuel Nobel
1.2%
Ludvig Nobel
2.1%
This American singer-songwriter and guitarist, known for songs like ‘Purple Haze’ and ‘Hey Joe’, is born.
1942
Jimi Hendrix
91.6%
Eric Clapton
3.5%
Jimmy Page
2%
Eddie Van Halen
1.5%
In San Francisco, city mayor George Moscone and this openly gay city supervisor are assassinated.
1978
Harvey Milk
87.5%
Albert Patterson
3.3%
Huey Long
4.8%
John H. Wood, Jr.
2.7%
Spain declares a protectorate over the north shore of this country.
1912
Morocco
74.2%
Tunisia
9.4%
Algeria
11%
Libya
4.6%
For the second time in a year, military forces try to overthrow president Carlos Andrés Pérez in this country.
1992
Venezuela
48.7%
Mexico
7.2%
Argentina
31.7%
Dominican Republic
10.5%
The centre-left Labour Party takes control of the ______ government, with leader Helen Clark becoming the first elected female Prime Minister in the nation’s history.
1999
New Zealand
41.9%
Australian
29.9%
Canadian
9.1%
Irish
17%

Today's Daily Dose

You're not logged in!

Compare scores with friends on all Sporcle quizzes.
Join for Free
OR
Log In

You Might Also Like...

Show Comments

Extras

Top Quizzes Today


Score Distribution

Your Account Isn't Verified!

In order to create a playlist on Sporcle, you need to verify the email address you used during registration. Go to your Sporcle Settings to finish the process.

Report this User

Report this user for behavior that violates our Community Guidelines.

Details: